[Event "DVM U10 2020"]
[Site "Magdeburg GER"]
[Date "2021.08.06"]
[Round "1"]
[White "Seling, Simon"]
[Black "Charchulla, Moritz"]
[Result "0-1"]
[Termination "normal"]
[Board "4.4"]
[WhiteElo "836"]
[BlackElo "934"]
[WhiteClock "00:48:02"]
[BlackClock "00:39:21"]
[WhiteTeam "Schachfreunde Brackel 1930 e. V."]
[BlackTeam "SK Doppelbauer Kiel"]
[PlyCount "38"]
[WhiteFideId "34681809"]
[BlackFideId "34607579"]
[EventCountry "GER"]
[EventRounds "7"]
[EventType "team-swiss"]
[EventDate "2021.08.06"]

{[%evp 0,38,24,20,23,15,23,23,7,7,14,17,-21,-40,-26,-42,-52,-48,-46,-78,-93,
-144,-123,-145,-88,-326,-320,-362,-378,-1115,-1107,-1109,-1151,-1195,-1079,
-1107,-1060,-1088,-1019,-1321,-1332]} 1. e4 {[%emt 0:00:01]} e5 {[%emt
0:00:06]} 2. Nf3 {[%emt 0:00:09]} Nc6 {[%emt 0:00:11]} 3. Bc4 {[%emt 0:00:06]}
Nf6 {[%emt 0:00:12]} 4. Nc3 {[%emt 0:00:09]} Nxe4 {[%emt 0:00:36]} 5. Nxe4
{[%emt 0:00:35]} d5 {[%emt 0:00:13]} 6. Bxd5 {[%emt 0:01:10]} Qxd5 {[%emt
0:00:23]} 7. d3 {[%emt 0:00:11]} Bf5 {[%emt 0:01:11]} 8. Qe2 {[%emt 0:00:22]}
O-O-O {[%emt 0:00:53]} 9. Bg5 {[%emt 0:00:17]} f6 {[%emt 0:01:33]} 10. Bh4
{[%emt 0:00:41]} g5 {[%emt 0:02:58]} 11. Bg3 {[%emt 0:00:36]} g4 {[%emt
0:00:56]} 12. O-O {[%emt 0:00:02]} gxf3 {[%emt 0:01:08]} 13. Qxf3 {[%emt
0:00:32]} Nd4 {[%emt 0:01:30]} 14. Rfc1 {[%emt 0:00:34]} Nxf3+ {[%emt 0:00:24]}
15. gxf3 {[%emt 0:00:11]} Bxe4 {[%emt 0:00:48]} 16. fxe4 {[%emt 0:00:07]} Qe6
{[%emt 0:02:33]} 17. Re1 {[%emt 0:00:25]} Bg7 {[%emt 0:01:51]} 18. Re3 {[%emt
0:00:11]} f5 {[%emt 0:00:28]} 19. Rae1 {[%emt 0:00:16]} f4 {[%emt 0:01:14]} 0-1

[Event "DVM U10 2020"]
[Site "Magdeburg GER"]
[Date "2021.08.06"]
[Round "1"]
[White "Schriefer, Leo Hans"]
[Black "Xiao, Karoline"]
[Result "1-0"]
[Termination "normal"]
[Board "5.2"]
[WhiteElo "1037"]
[BlackElo "972"]
[WhiteTeam "TSG Oberschöneweide e.V."]
[BlackTeam "Karlsruher SF 1853"]
[PlyCount "69"]
[WhiteFideId "16266935"]
[BlackFideId "16282230"]
[EventCountry "GER"]
[EventRounds "7"]
[EventType "team-swiss"]
[EventDate "2021.08.06"]

{[%evp 0,69,25,11,52,44,74,40,46,49,48,23,23,23,51,40,36,8,61,54,74,26,83,57,
52,16,31,25,88,74,235,88,267,56,63,-204,16,-20,-25,-29,-27,10,-9,-1,1137,1146,
1157,1186,1160,866,882,889,911,908,904,920,931,865,877,894,914,1033,1119,1231,
1299,1336,29993,29994,29995,29996,29999,-30000]} 1. e4 c5 2. Nc3 d6 3. f4 Nc6
4. Nf3 e6 5. Bb5 Bd7 6. O-O a6 7. Bxc6 Bxc6 8. d3 Bd7 9. Qe1 Ne7 10. a4 Nc8 11.
e5 Be7 12. Ne4 O-O 13. Qg3 Re8 14. Be3 Bf8 15. Rf2 g6 16. b3 Bg7 17. exd6 Bc6
18. Rd1 Nxd6 19. Nxd6 Qxd6 20. Ne5 f6 21. Nc4 b5 22. Nxd6 Red8 23. axb5 axb5
24. Nxb5 Bxb5 25. Bxc5 Rac8 26. Qe3 Re8 27. b4 e5 28. Re1 exf4 29. Qd2 Rxe1+
30. Qxe1 Re8 31. Re2 Ra8 32. Re7 Bf8 33. Qe6+ Kh8 34. Qxf6+ Bg7 35. Qxg7# 1-0

[Event "DVM U10 2020"]
[Site "Magdeburg GER"]
[Date "2021.08.06"]
[Round "1"]
[White "Volz, Alexander Sebastian"]
[Black "Meusel, Theodor"]
[Result "0-1"]
[Termination "normal"]
[Board "5.3"]
[WhiteElo "731"]
[BlackElo "1137"]
[WhiteTeam "Karlsruher SF 1853"]
[BlackTeam "TSG Oberschöneweide e.V."]
[PlyCount "66"]
[WhiteFideId "34681760"]
[BlackFideId "34617116"]
[EventCountry "GER"]
[EventRounds "7"]
[EventType "team-swiss"]
[EventDate "2021.08.06"]

{[%evp 0,66,34,37,38,33,37,14,19,-27,-34,-35,-17,-221,-221,-210,-210,-236,-237,
-293,-299,-400,-390,-371,-371,-371,-371,-452,-462,-468,-471,-473,-462,-468,
-456,-492,-490,-501,-505,-540,-547,-585,-578,-1287,-1285,-1879,-1594,-1892,
-1892,-3180,-2875,-29989,-1997,-2435,-2931,-29985,-29982,-29991,-29992,-29995,
-29996,-29997,-29994,-29995,-29996,-29997,-29998,-29999,-30000]} 1. e4 e6 2.
Nf3 d5 3. e5 c5 4. d3 Nc6 5. c4 Qa5+ 6. Nc3 d4 7. Bd2 dxc3 8. Bxc3 Qc7 9. d4
cxd4 10. Bxd4 Bb4+ 11. Bc3 Bxc3+ 12. bxc3 Nxe5 13. Nxe5 Qxe5+ 14. Be2 Qxc3+ 15.
Kf1 Nf6 16. Rc1 Qe5 17. Qd2 O-O 18. Re1 Qc5 19. Qd3 Bd7 20. Bd1 b5 21. cxb5
Bxb5 22. Bc2 Rac8 23. g4 Nxg4 24. Kg2 Bxd3 25. Bxd3 Nxf2 26. Rhf1 Nxd3 27. Rd1
Qd5+ 28. Rf3 Rc2+ 29. Kg3 Qg5+ 30. Kh3 Nf4+ 31. Rxf4 Rc3+ 32. Rd3 Rxd3+ 33. Rf3
Rxf3# 0-1

[Event "DVM U10 2020"]
[Site "Magdeburg GER"]
[Date "2021.08.06"]
[Round "1"]
[White "Büchel, David"]
[Black "Snover, Tom"]
[Result "1/2-1/2"]
[Termination "normal"]
[Board "6.1"]
[WhiteElo "1408"]
[BlackElo "1525"]
[WhiteTeam "Schachfreunde München e.V."]
[BlackTeam "Schachclub Aschaffenburg e.V."]
[PlyCount "54"]
[WhiteFideId "34603689"]
[BlackFideId "34604553"]
[EventCountry "GER"]
[EventRounds "7"]
[EventType "team-swiss"]
[EventDate "2021.08.06"]

{[%evp 0,54,20,23,23,23,23,23,13,56,74,68,-5,-12,-16,-67,-4,-39,-41,-18,-26,
-28,-13,-27,-27,-27,-27,-46,-29,-33,12,15,-5,-9,-4,-2,65,-11,1,0,-25,-9,-13,
-77,-34,-47,-11,-124,-112,-112,-122,-114,-145,-158,-164,-352,-358]} 1. e4 e5 2.
Nf3 Nc6 3. Bc4 Bc5 4. c3 Nf6 5. d4 exd4 6. cxd4 Bb4+ 7. Nc3 Nxe4 8. O-O Bxc3 9.
d5 Ne5 10. bxc3 Nxc4 11. Qd4 O-O 12. Qxe4 Nd6 13. Qf4 b6 14. Ba3 Qf6 15. Qxf6
gxf6 16. Bxd6 cxd6 17. Nd4 Bb7 18. c4 Rac8 19. Nf5 Rxc4 20. Nxd6 Rc7 21. Ne4
Kg7 22. Rfd1 Rd8 23. d6 Rc2 24. Ng3 Kg6 25. Rd4 h5 26. Rh4 Rdc8 27. Kf1 Ba6+
1/2-1/2

[Event "DVM U10 2020"]
[Site "Magdeburg GER"]
[Date "2021.08.06"]
[Round "1"]
[White "Schwab, Florentin"]
[Black "Merenda, Lukas-Benedikt"]
[Result "0-1"]
[Termination "normal"]
[Board "6.2"]
[WhiteElo "934"]
[BlackElo "1222"]
[WhiteTeam "Schachclub Aschaffenburg e.V."]
[BlackTeam "Schachfreunde München e.V."]
[PlyCount "62"]
[WhiteFideId "34669051"]
[BlackFideId "34603336"]
[EventCountry "GER"]
[EventRounds "7"]
[EventType "team-swiss"]
[EventDate "2021.08.06"]

{[%evp 0,62,20,23,60,60,63,67,57,48,48,38,47,30,22,1,25,11,14,2,9,9,38,9,20,
-22,33,18,79,64,248,277,285,164,140,160,136,132,218,54,57,2,178,166,159,-40,
-40,-46,-55,-84,-95,-135,-133,-255,-246,-240,-229,-276,-100,-787,-809,-29995,
-29996,-29999,-30000]} 1. e4 c5 2. Nf3 Nc6 3. Nc3 d6 4. Bc4 Nf6 5. d3 Bg4 6.
Be3 e6 7. Bb5 Nd7 8. Bxc6 bxc6 9. h3 Bxf3 10. Qxf3 Ne5 11. Qe2 Rb8 12. f4 Ng6
13. Rb1 Qa5 14. O-O d5 15. exd5 cxd5 16. Bd2 Qb6 17. Nxd5 Qd6 18. c4 Be7 19.
Ne3 Nxf4 20. Qf2 e5 21. Nd5 g5 22. Nxf4 gxf4 23. Bc3 f6 24. b3 Qxd3 25. Rbc1
Rg8 26. Ba1 Qxh3 27. Rc3 Qf5 28. Rcc1 f3 29. g3 Qh3 30. Rc3 Rxg3+ 31. Qg2 Qxg2#
0-1

[Event "DVM U10 2020"]
[Site "Magdeburg GER"]
[Date "2021.08.06"]
[Round "1"]
[White "Schäfle, Moritz"]
[Black "Mauch, Jurek"]
[Result "1-0"]
[Termination "normal"]
[Board "6.3"]
[WhiteElo "1330"]
[BlackElo "764"]
[WhiteTeam "Schachfreunde München e.V."]
[BlackTeam "Schachclub Aschaffenburg e.V."]
[PlyCount "111"]
[WhiteFideId "34617043"]
[BlackFideId "34627634"]
[EventCountry "GER"]
[EventRounds "7"]
[EventType "team-swiss"]
[EventDate "2021.08.06"]

{[%evp 0,69,23,23,36,2,3,-7,-2,-39,12,-15,12,3,12,-20,-12,-15,-9,-20,-24,-36,
20,20,8,15,15,5,25,15,14,-45,0,-5,22,34,37,4,6,-1,22,20,0,0,95,73,110,104,82,
63,104,105,179,109,144,147,267,278,318,296,420,342,514,530,517,490,707,696,865,
707,708,741]} 1. Nf3 Nf6 2. g3 Nc6 3. Bg2 e5 4. d3 Bc5 5. O-O O-O 6. Nc3 d6 7.
Na4 Bb6 8. Nxb6 axb6 9. e4 Be6 10. Ng5 h6 11. Nxe6 fxe6 12. f4 exf4 13. gxf4 e5
14. fxe5 dxe5 15. Qf3 Nd4 16. Qd1 c5 17. c3 Nc6 18. Qf3 Qd6 19. Qd1 Rab8 20.
Qb3+ Kh8 21. Qxb6 Nd7 22. Qb5 Na7 23. Qc4 Nb6 24. Qb3 Rxf1+ 25. Bxf1 Rf8 26.
Bd2 Qg6+ 27. Kh1 Rf2 28. Be3 Rf3 29. Bxc5 Nbc8 30. Be2 Rf6 31. Qxb7 Rf7 32. Qb8
Qf6 33. Rf1 Qg6 34. Rxf7 Qxf7 35. Bxa7 Kh7 36. Qxc8 Qxa7 37. Qf5+ Kg8 38. Qe6+
Kh8 39. Qxe5 Qf2 40. Qh5 Qf6 41. a3 Qg5 42. Qxg5 hxg5 43. a4 Kh7 44. a5 Kg6 45.
a6 Kf7 46. a7 Kg6 47. a8=Q Kh6 48. Qc6+ Kh7 49. b4 Kh8 50. b5 Kh7 51. b6 Kh8
52. b7 Kh7 53. b8=Q g4 54. Qbb7 g3 55. Qcc7 Kh6 56. Qxg7# 1-0

[Event "DVM U10 2020"]
[Site "Magdeburg GER"]
[Date "2021.08.06"]
[Round "1"]
[White "Hoffmann, Svenja"]
[Black "Thümler, Floris"]
[Result "0-1"]
[Termination "normal"]
[Board "7.1"]
[WhiteElo "1307"]
[BlackElo "1315"]
[WhiteTeam "Schachzwerge Magdeburg"]
[BlackTeam "SV Königsjäger Süd-West e.V."]
[PlyCount "144"]
[WhiteFideId "16287312"]
[BlackFideId "16296435"]
[EventCountry "GER"]
[EventRounds "7"]
[EventType "team-swiss"]
[EventDate "2021.08.06"]

{[%evp 0,144,23,23,64,64,75,75,72,60,60,50,43,19,29,24,22,-28,-36,-36,-25,-25,
-15,-23,2,-7,-16,-31,0,-16,-16,-14,-6,-56,-39,-47,-36,-31,-31,-59,-45,-50,63,8,
21,26,114,117,414,78,91,93,93,101,143,136,167,162,157,35,31,31,30,14,83,-3,112,
62,67,-29997,75,-29997,53,53,66,62,69,69,59,36,107,106,147,137,162,-43,-36,-36,
-22,-52,-41,-56,-52,-94,-73,-242,-18,-264,-58,-69,-77,-45,0,0,0,-205,-185,-524,
-758,-995,-1012,-1292,-28326,-29963,-29966,-29973,-29966,-29967,-29970,-29973,
-29974,-29979,-29980,-29981,-29984,-29985,-29986,-29991,-29992,-29993,-29992,
-29993,-29990,-29991,-29990,-29991,-29992,-29993,-29994,-29995,-29996,-29997,
-29996,-29997,-29998,-29999,-30000]} 1. e4 d6 2. d4 Nf6 3. Nc3 g6 4. Nf3 Bg7 5.
Bc4 O-O 6. Be3 Nxe4 7. Nxe4 d5 8. Ned2 dxc4 9. Nxc4 Qd5 10. Nce5 Nd7 11. Nd3 f6
12. O-O e5 13. dxe5 fxe5 14. Nb4 Qxd1 15. Raxd1 Nb6 16. b3 Bg4 17. Rfe1 e4 18.
Bxb6 exf3 19. Bxc7 fxg2 20. Rd3 Rfc8 21. Be5 Bxe5 22. Rxe5 a5 23. Nd5 Kh8 24.
Nb6 Re8 25. Rxe8+ Rxe8 26. Kxg2 Re2 27. Nc4 Bf5 28. Rd8+ Kg7 29. Nxa5 Rxc2 30.
Nxb7 Rxa2 31. Nd6 Rb2 32. Rb8 Rd2 33. Nc4 Rd3 34. b4 Be6 35. Ne5 Bd5+ 36. f3
Re3 37. Re8 Rb3 38. Rd8 Be6 39. Nc6 Rc3 40. Rd6 Bd5 41. Rd7+ Kh6 42. Na7 Bxf3+
43. Kf2 Bg4 44. Rd4 Kg5 45. b5 Rc2+ 46. Ke1 Rxh2 47. b6 Rb2 48. Rd6 h5 49. Rd5+
Kf4 50. Rb5 Rxb5 51. Nxb5 Bf3 52. Nd4 Ba8 53. Ne6+ Kg3 54. Ng5 h4 55. Kf1 h3
56. Nxh3 Kxh3 57. Kf2 Kh2 58. Ke3 g5 59. b7 Bxb7 60. Kf2 g4 61. Kf1 g3 62. Ke2
g2 63. Kf2 g1=Q+ 64. Ke2 Qg3 65. Kd2 Qf3 66. Kc2 Qe3 67. Kb2 Qd3 68. Ka2 Qc3
69. Kb1 Qd2 70. Ka1 Bc6 71. Kb1 Bd5 72. Ka1 Qa2# 0-1

[Event "DVM U10 2020"]
[Site "Magdeburg GER"]
[Date "2021.08.06"]
[Round "1"]
[White "Bickerich, Philipp"]
[Black "Pflug, Anton"]
[Result "1-0"]
[Termination "normal"]
[Board "7.2"]
[WhiteElo "1161"]
[BlackElo "1113"]
[WhiteTeam "SV Königsjäger Süd-West e.V."]
[BlackTeam "Schachzwerge Magdeburg"]
[PlyCount "67"]
[WhiteFideId "34604995"]
[BlackFideId "34611495"]
[EventCountry "GER"]
[EventRounds "7"]
[EventType "team-swiss"]
[EventDate "2021.08.06"]

{[%evp 0,52,23,23,23,15,23,11,12,5,-12,-12,-12,-11,-11,-11,20,44,30,16,14,25,
23,23,141,-112,166,164,577,304,628,618,678,678,729,711,736,736,698,677,678,522,
524,439,439,450,448,446,448,453,460,459,558,261,488]} 1. e4 e5 2. Nf3 Nc6 3.
Bc4 Bc5 4. c3 Nf6 5. d4 exd4 6. cxd4 Bb4+ 7. Bd2 Bxd2+ 8. Nbxd2 d5 9. exd5 Nxd5
10. Qb3 Be6 11. Qxb7 Ncb4 12. Bb5+ c6 13. Bxc6+ Bd7 14. Qxa8 Qxa8 15. Bxa8 Nc2+
16. Kd1 Nxa1 17. Bxd5 O-O 18. Kc1 Rc8+ 19. Bc4 Bf5 20. Kd1 Nc2 21. Nh4 Nxd4 22.
Nxf5 Nxf5 23. Re1 h6 24. b3 Rd8 25. Re5 Nh4 26. g3 Nf3 27. Bxf7+ Kh7 28. Rd5
Rf8 29. Rf5 Nd4 30. Bg6+ Kg8 31. Bh7+ Kxh7 32. Rxf8 Ne6 33. Rf7 Nd4 34. Rxa7
1-0

[Event "DVM U10 2020"]
[Site "Magdeburg GER"]
[Date "2021.08.06"]
[Round "1"]
[White "Weng, Hao"]
[Black "Nönnig, Lotte"]
[Result "1-0"]
[Termination "normal"]
[Board "7.4"]
[WhiteElo "1007"]
[BlackElo "781"]
[WhiteTeam "SV Königsjäger Süd-West e.V."]
[BlackTeam "Schachzwerge Magdeburg"]
[PlyCount "63"]
[WhiteFideId "16268261"]
[BlackFideId "34611509"]
[EventCountry "GER"]
[EventRounds "7"]
[EventType "team-swiss"]
[EventDate "2021.08.06"]

{[%evp 0,63,27,25,23,15,15,9,4,17,12,17,18,7,19,22,21,21,41,30,37,38,39,28,28,
11,36,9,-40,-69,-60,-75,63,66,75,36,159,73,276,164,204,124,122,106,101,63,384,
363,365,388,385,398,510,90,359,360,364,364,29985,364,547,420,29997,29998,29999,
-30000]} 1. e4 e5 2. Nf3 Nc6 3. Bc4 Bc5 4. Nc3 Nf6 5. d3 h6 6. O-O O-O 7. Be3
Bxe3 8. fxe3 Ng4 9. Qe2 d6 10. h3 Nf6 11. a3 Be6 12. Bb3 Re8 13. d4 exd4 14.
exd4 Bxb3 15. cxb3 d5 16. e5 Qd7 17. Rad1 Qf5 18. Nh2 Qg5 19. Qf3 Ne4 20. Nxe4
dxe4 21. Qxe4 Rad8 22. Qf3 Nxd4 23. Rxd4 Rxd4 24. Qxf7+ Kh7 25. Qxe8 Rd2 26.
Rf2 Qe3 27. Ng4 Qe1+ 28. Rf1 Qe4 29. Rf2 Qd4 30. Qf7 Rxb2 31. Nf6+ Kh8 32. Qg8#
1-0

[Event "DVM U10 2020"]
[Site "Magdeburg GER"]
[Date "2021.08.06"]
[Round "1"]
[White "Hellenbroich, Hanno"]
[Black "Fischer, Lorenz"]
[Result "0-1"]
[Termination "normal"]
[Board "8.1"]
[WhiteElo "1287"]
[BlackElo "1164"]
[WhiteTeam "Lübecker SV von 1873"]
[BlackTeam "Schachfreunde Tegernheim"]
[PlyCount "78"]
[WhiteFideId "16270762"]
[BlackFideId "16296710"]
[EventCountry "GER"]
[EventRounds "7"]
[EventType "team-swiss"]
[EventDate "2021.08.06"]

{[%evp 0,78,19,38,40,41,51,18,45,11,75,66,43,18,22,13,4,1,-6,-2,10,0,4,-44,-55,
-55,-59,-281,-284,-284,-277,-277,-293,-325,-305,-318,-263,-264,-239,-195,-182,
-334,-287,-264,-273,-272,-202,-320,-326,-312,-287,-411,-340,-329,-314,-401,
-433,-448,-366,-391,-391,-379,-362,-357,-346,-322,-322,-344,-337,-337,-352,
-349,-231,-414,-414,-1032,-777,-818,-839,-860,-412]} 1. e4 c5 2. Nf3 Nc6 3. d4
cxd4 4. Nxd4 g6 5. Nc3 Bg7 6. Nf3 Nf6 7. Bc4 O-O 8. Bg5 d6 9. O-O Bg4 10. h3
Ne5 11. hxg4 Nxc4 12. Bxf6 Bxf6 13. b3 Bxc3 14. bxc4 Bxa1 15. Qxa1 Qc8 16. Qc1
Qxg4 17. Qe3 f5 18. exf5 Rxf5 19. Qe6+ Kh8 20. Nh2 Qh4 21. Nf3 Qf6 22. Qe4 Rf4
23. Qd3 Rf8 24. Re1 e5 25. Qd5 Rf7 26. Rd1 e4 27. Nh2 Rxf2 28. Qxe4 Qf5 29.
Qd4+ Kg8 30. Qxd6 Rxc2 31. Rf1 Qg5 32. Qb8+ Kg7 33. Rxf7+ Kxf7 34. Qxb7+ Qe7
35. Qd5+ Kf8 36. Qf3+ Kg7 37. Qd3 Qc5+ 38. Kh1 Rc1+ 39. Nf1 Qh5+ 0-1

[Event "DVM U10 2020"]
[Site "Magdeburg GER"]
[Date "2021.08.06"]
[Round "1"]
[White "Kutz, Paul Matti"]
[Black "Fischer, Quirin"]
[Result "1-0"]
[Termination "normal"]
[Board "8.3"]
[WhiteElo "1202"]
[BlackElo "1085"]
[WhiteTeam "Lübecker SV von 1873"]
[BlackTeam "Schachfreunde Tegernheim"]
[PlyCount "83"]
[WhiteFideId "16296265"]
[BlackFideId "34623787"]
[EventCountry "GER"]
[EventRounds "7"]
[EventType "team-swiss"]
[EventDate "2021.08.06"]

{[%evp 0,61,25,33,40,40,40,31,60,5,25,20,26,18,10,14,10,-6,54,54,58,49,45,40,
101,24,14,-115,-43,-43,-9,-22,92,52,76,-49,-53,-40,157,162,253,256,417,417,446,
-539,-529,-653,53,-735,455,456,498,499,516,502,626,561,568,569,650,675,675,695]normal}
1. e4 c5 2. Nf3 Nc6 3. Bb5 Nf6 4. Bxc6 bxc6 5. Nc3 g6 6. O-O Bg7 7. d3 O-O 8.
Be3 Qb6 9. Na4 Qb4 10. c3 Qb5 11. Bxc5 Re8 12. Bb4 d6 13. Qb3 a5 14. Ba3 Qxd3
15. e5 dxe5 16. Nxe5 Qd5 17. Nb6 Qxe5 18. Nxa8 Ba6 19. Rfe1 Qf4 20. g3 Qf3 21.
Nc7 Ng4 22. Qc2 Bd3 23. Qd2 Rc8 24. h3 Nf6 25. Re3 Ne4 26. Rxf3 Nxd2 27. Rxd3
Bh6 28. Na6 Nc4 29. Bxe7 Ne5 30. Rd8+ Rxd8 31. Bxd8 Nf3+ 32. Kg2 Nd2 33. h4 Nc4
34. b3 Nd2 35. Bg5 Bxg5 36. hxg5 Ne4 37. Re1 Nxc3 38. Nc5 Nd5 39. Nd7 Nc3 40.
Nf6+ Kg7 41. Re8 h6 42. Rg8# 1-0

[Event "DVM U10 2020"]
[Site "Magdeburg GER"]
[Date "2021.08.06"]
[Round "1"]
[White "Thanner, David"]
[Black "Petridis, Ilias"]
[Result "1-0"]
[Termination "normal"]
[Board "8.4"]
[WhiteElo "902"]
[BlackElo "1169"]
[WhiteTeam "Schachfreunde Tegernheim"]
[BlackTeam "Lübecker SV von 1873"]
[PlyCount "49"]
[BlackFideId "34617515"]
[EventCountry "GER"]
[EventRounds "7"]
[EventType "team-swiss"]
[EventDate "2021.08.06"]

{[%evp 0,45,33,33,13,28,12,7,19,18,3,3,255,255,325,76,231,245,261,222,309,337,
337,256,330,318,391,407,400,339,432,431,440,324,483,437,481,411,584,612,615,
659,658,485,1663,651,754,900]} 1. e4 e5 2. Nf3 Nc6 3. Bc4 Bc5 4. c3 Nf6 5. d4
d5 6. exd5 exd4 7. cxd4 Nxd4 8. Nxd4 Bg4 9. Nf3 Ne4 10. O-O O-O 11. h3 Bxf3 12.
Qxf3 Ng5 13. Qg4 h6 14. h4 Nh7 15. Bxh6 Qf6 16. Be3 Bb6 17. Nc3 Rfe8 18. Ne4
Qg6 19. Qxg6 fxg6 20. d6+ Kh8 21. Ng5 Bxe3 22. fxe3 Nxg5 23. hxg5 cxd6 24. Kf2
Rad8 25. Rh1# 1-0

[Event "DVM U10 2020"]
[Site "Magdeburg GER"]
[Date "2021.08.06"]
[Round "1"]
[White "Bredl, Leander"]
[Black "Pimenov, Danil"]
[Result "1/2-1/2"]
[Termination "normal"]
[Board "9.1"]
[WhiteElo "1144"]
[BlackElo "1227"]
[WhiteTeam "SC Garching 1980 e.V."]
[BlackTeam "SC Borussia Lichtenberg"]
[PlyCount "87"]
[WhiteFideId "34645268"]
[BlackFideId "34600248"]
[EventCountry "GER"]
[EventRounds "7"]
[EventType "team-swiss"]
[EventDate "2021.08.06"]

{[%evp 0,63,21,12,40,60,64,37,33,33,33,32,57,37,37,19,40,26,20,16,26,10,31,-3,
60,64,84,35,34,35,57,55,63,34,25,0,0,0,0,-66,-27,-33,-13,-34,12,0,10,0,42,-2,
-8,1,0,8,0,0,0,-18,150,130,143,94,87,114,114,142]} 1. e4 c5 2. Nc3 d6 3. f4 Nc6
4. Nf3 Nf6 5. Bb5 Bg4 6. Bxc6+ bxc6 7. O-O e6 8. h3 Bxf3 9. Qxf3 Be7 10. e5 Nd5
11. b3 Qc7 12. exd6 Bxd6 13. Ne2 O-O 14. c4 Nf6 15. Bb2 e5 16. d3 Rfe8 17. f5
e4 18. dxe4 Nxe4 19. Qg4 Be5 20. Bxe5 Qxe5 21. Rfe1 Rad8 22. Ng3 Qd4+ 23. Kh2
Nxg3 24. Qxd4 cxd4 25. Kxg3 f6 26. Rad1 Rxe1 27. Rxe1 Kf7 28. Kf4 Re8 29. Rxe8
Kxe8 30. Ke4 c5 31. b4 cxb4 32. Kxd4 Kd7 33. Kc5 g6 34. g4 a5 35. Kb5 Kd6 36.
Kxa5 Kc5 37. Ka4 Kxc4 38. h4 gxf5 39. gxf5 h5 40. Ka5 Kc5 41. Ka6 Kc6 42. Ka7
Kb5 43. Kb7 Kc5 44. Ka6 1/2-1/2

[Event "DVM U10 2020"]
[Site "Magdeburg GER"]
[Date "2021.08.06"]
[Round "1"]
[White "Rabus, Johann"]
[Black "Clarke-Griebsch, Elisa"]
[Result "1-0"]
[Termination "normal"]
[Board "9.2"]
[WhiteElo "1243"]
[BlackElo "886"]
[WhiteTeam "SC Borussia Lichtenberg"]
[BlackTeam "SC Garching 1980 e.V."]
[PlyCount "55"]
[WhiteFideId "34602950"]
[EventCountry "GER"]
[EventRounds "7"]
[EventType "team-swiss"]
[EventDate "2021.08.06"]

{[%evp 0,45,21,12,12,12,7,32,8,8,34,22,114,87,74,68,424,432,1331,1488,1948,
2001,2309,1062,1097,1087,1083,1120,1123,1132,1136,1142,1142,1117,1171,1155,
1464,1125,1437,1437,1440,1452,1476,1519,1521,1557,1586,1505]} 1. e4 e5 2. Nf3
Nc6 3. d4 exd4 4. Nxd4 d5 5. Bb5 Bd7 6. exd5 Bb4+ 7. c3 Bd6 8. dxc6 Be6 9.
cxb7+ Bd7 10. Bxd7+ Kxd7 11. bxa8=Q Qxa8 12. Qg4+ Ke8 13. Qxg7 Qe4+ 14. Be3 Qe5
15. Qxe5+ Bxe5 16. O-O Nf6 17. Re1 Rg8 18. Nc6 Nd7 19. Nxe5 Nxe5 20. Bxa7 f6
21. f4 Kf7 22. fxe5 fxe5 23. Nd2 Ke6 24. Re4 Kd5 25. Rae1 Rg5 26. Bb8 c6 27.
Rxe5+ Rxe5 28. Rxe5# 1-0

[Event "DVM U10 2020"]
[Site "Magdeburg GER"]
[Date "2021.08.06"]
[Round "1"]
[White "Piffczyk, Claudia"]
[Black "Ha, Minh Quan"]
[Result "0-1"]
[Termination "normal"]
[Board "9.3"]
[WhiteElo "907"]
[BlackElo "1123"]
[WhiteTeam "SC Garching 1980 e.V."]
[BlackTeam "SC Borussia Lichtenberg"]
[PlyCount "32"]
[WhiteFideId "34639829"]
[BlackFideId "34600876"]
[EventCountry "GER"]
[EventRounds "7"]
[EventType "team-swiss"]
[EventDate "2021.08.06"]

{[%evp 0,26,21,32,69,48,63,54,55,36,34,7,40,11,44,-61,37,41,44,18,23,34,33,
-114,55,-85,-100,-1143,-536]} 1. e4 b6 2. Nf3 Bb7 3. Nc3 Nf6 4. Bc4 e6 5. O-O
Be7 6. d4 O-O 7. Bg5 d5 8. exd5 Nxd5 9. Bxe7 Nxe7 10. Qe2 Nbc6 11. Ng5 Nb4 12.
d5 Nexd5 13. Qd3 Qxg5 14. b3 Nf4 15. Qh3 Nxh3+ 16. Kh1 Bxg2# 0-1

[Event "DVM U10 2020"]
[Site "Magdeburg GER"]
[Date "2021.08.06"]
[Round "1"]
[White "Gulamzada, Elmir"]
[Black "González Peisker, Mateo León"]
[Result "1-0"]
[Termination "normal"]
[Board "10.1"]
[WhiteElo "1390"]
[BlackElo "1151"]
[WhiteTeam "SV Werder Bremen"]
[BlackTeam "SV Multatuli Ingelheim e.V."]
[PlyCount "87"]
[WhiteFideId "34604332"]
[BlackFideId "34610138"]
[EventCountry "GER"]
[EventRounds "7"]
[EventType "team-swiss"]
[EventDate "2021.08.06"]

{[%evp 0,87,16,32,47,36,37,43,115,59,78,21,114,132,145,41,59,82,79,91,192,102,
187,183,175,170,156,145,168,154,156,147,336,326,350,349,476,462,612,545,547,
501,509,507,578,389,396,390,397,398,486,491,504,521,521,534,639,637,662,562,
563,545,548,548,553,588,588,611,892,903,942,984,985,994,29985,29986,29987,
29988,29993,29994,29997,29994,29995,29994,29995,29996,29997,29998,29999,-30000]normal}
1. e4 e6 2. d4 d5 3. Nc3 c5 4. Nf3 Nc6 5. Bf4 Nge7 6. dxc5 Ng6 7. Bg3 Bxc5 8.
exd5 exd5 9. Nxd5 Bb6 10. Nxb6 axb6 11. Qxd8+ Nxd8 12. a3 O-O 13. Bb5 Ra5 14.
a4 Nc6 15. O-O Nb4 16. Bd6 Nxc2 17. Rac1 Rd8 18. Bc7 Nf4 19. Rxc2 Bf5 20. Bxd8
Bxc2 21. Rc1 Rxb5 22. Rxc2 Rd5 23. Rd2 Rc5 24. h3 Ne6 25. Bxb6 Rc1+ 26. Kh2 Rb1
27. Ng5 Ra1 28. Nxe6 fxe6 29. b3 Rb1 30. Rd8+ Kf7 31. Rd7+ Kg6 32. Rxb7 Rxb3
33. a5 Rc3 34. a6 Rc8 35. a7 Ra8 36. Rb8 h5 37. Rxa8 h4 38. Rh8 Kg5 39. a8=Q g6
40. Bd8+ Kf5 41. Bc7 e5 42. Qf3+ Ke6 43. Rh7 g5 44. Qf7# 1-0